Obálka Náhled e-knihy:
PDF Epub
Pro půjčování e-knih musíte být přihlášeni.
Jak si půjčit online?

Neviditelný muž /

Četná literární díla Herberta George Wellse (1866–1946) se vyznačují rozmanitostí a šíří témat. Největší popularitu získal  právě tento sci-fi román „Neviditelný muž“, vydaný v roce 1897 a inspiroval řadu filmových a televizních adaptací. Díky dokonalé kombinaci fantazie a humoru ...

Celý popis

Uloženo v:
Hlavní autor: Wells, H. G. (Autor)
Médium: E-kniha
Jazyk:Czech
Vydáno: Praha : Splendidum družstvo, 2025
Tagy:
Žádné tagy
LEADER 01901nam a22002297i 4500
001 312715
007 ta
008 260601s2025 xr ||||| |||| 00| 0 cze d
020 |a 9990004202870 
044 |a xr 
100 1 |a  Wells, H. G.  |4 aut 
245 1 0 |a Neviditelný muž /  |c  Wells, H. G. 
264 1 |a Praha :  |b Splendidum družstvo,  |c 2025 
300 |a 1 online zdroj (183 stran) 
336 |a text  |b txt  |2 rdacontent 
337 |a bez média  |b n  |2 rdamedia 
338 |a online zdroj  |b cr  |2 rdacarrier 
520 2 |a Četná literární díla Herberta George Wellse (1866–1946) se vyznačují rozmanitostí a šíří témat. Největší popularitu získal  právě tento sci-fi román „Neviditelný muž“, vydaný v roce 1897 a inspiroval řadu filmových a televizních adaptací. Díky dokonalé kombinaci fantazie a humoru  je toto dílo stále zajímavé a oblíbené čtenáři různých generací...  Tajemný Griffin přijíždí do malebného anglického hostince během sněhové bouře, zavinutý obvazy, které mu zakrývají obličej, a s očima skrytými za tmavými brýlemi. Jeho podivné vstávání a vznětlivé chování irituje místní obyvatele, kteří se domnívají, že se stal obětí nehody. Skutečný důvod Griffinova oblečení je však mnohem podivnější: pod těmito šaty je zcela neviditelný. Když se odhalí příčina Griffinova stavu průhlednosti, vyjasní se jeho hanebné a destruktivní úmysly.  
910 |a RBIT002 
998 |d 420287  |a https://core.palmknihy.cz/api/books/420287/cover?svugid  |b https://core.palmknihy.cz/api/books/420287/cover/400?svugid  |c https://core.palmknihy.cz/api/books/420287/cover/50?svugid  |e   |g 183  |i 9990004202870  |j https://core.palmknihy.cz/api/books/420287/preview.epub  |k https://core.palmknihy.cz/api/books/420287/preview.pdf  |l   |q 49  |r 1  |s https://www.palmknihy.cz/kniha/420287  |t ebook  |y 2025  |z 1 
999 |d 312713